| 000 | 00661nam a2200265Ia 4500 | ||
|---|---|---|---|
| 008 | 180313s9999 xx 000 0 und d | ||
| 020 | _a9780805047905 | ||
| 050 | _bLEX C278 1992 | ||
| 100 | _aCarle, Eric | ||
| 245 | _aBrown bear, brown bear, what do you see? | ||
| 245 | _cby Eric Carle. | ||
| 260 | _aNew York, New York : | ||
| 260 | _bScholastic Inc., | ||
| 260 | _c1992 | ||
| 300 | _aunpaged : | ||
| 300 | _bcolored illustrations ; | ||
| 300 | _c17cm. | ||
| 650 | _aAnimals -- | ||
| 650 | _aColor -- | ||
| 650 | _aColor -- | ||
| 650 | _xFiction. | ||
| 650 | _xJuvenile fiction. | ||
| 650 | _xJuvenile literature. | ||
| 700 | _aTitle. | ||
| 999 |
_c356231 _d356231 |
||